000 00451nam a2200205Ia 4500
001 109938
003 YMCAF
005 20230512162407.0
008 100717s2003 ||||||||||||||||| ||und|d
024 _a109938
035 _aWB925
040 _aYMCAF
_beng
_cIN-KoLT
041 _aeng
082 _a621.382
_b2 VEN
100 _aVenkataramani, B
245 0 _aDigital signal processors
260 _bTMH
_c2003
300 _a413
942 _2ddc
_cBK
999 _c11700
_d11700